| 000 | 00927nam a22002537a 4500 | ||
|---|---|---|---|
| 999 |
_c64615 _d64615 |
||
| 005 | 20240530110741.0 | ||
| 008 | 180925s2018 ua ah g b 000 0 ara d | ||
| 017 |
_a2017/19460 _bمصر. دار الكتب |
||
| 020 | _a9789777357364 | ||
| 040 |
_aEG-CaGPL _cEG-CaGPL |
||
| 082 | 0 | 4 |
_221 _a745.6199 / _bم ف |
| 100 | 0 | _aمحمد عبدالستار عثمان | |
| 245 | 1 | 0 |
_aفى صناعة الخط وفنه فى العصر المملوكى / _cتاليف محمد عبدالستار عثمان |
| 250 | _aط.1 | ||
| 260 |
_aالاسكندرية : _c2018. |
||
| 300 |
_a187 ص. : _bايض ؛ _c24 سم. |
||
| 504 | _aيشتمل على ارجاعات ببليوجرافية | ||
| 650 | 0 | 7 |
_2qrmak _aالخط _xزخرفة |
| 650 | 0 | 7 |
_2qrmak _aالنقوش العربية |
| 650 | 0 | 7 |
_2qrmak _aالكتابة العربية _xعلم |
| 651 | _2qrmak | ||
| 942 |
_2ddc _cBK |
||